|
|
|
|
| LEADER |
01782nam a2200433 i 4500 |
| 001 |
EBC4438915 |
| 003 |
MiAaPQ |
| 005 |
20200520144314.0 |
| 006 |
m o d | |
| 007 |
cr cnu|||||||| |
| 008 |
160406t20152015enkao ob 001 0 eng d |
| 020 |
|
|
|z 9781780234434
|
| 020 |
|
|
|a 9781780234724
|q (electronic bk.)
|
| 035 |
|
|
|a (MiAaPQ)EBC4438915
|
| 035 |
|
|
|a (Au-PeEL)EBL4438915
|
| 035 |
|
|
|a (CaPaEBR)ebr11170753
|
| 035 |
|
|
|a (CaONFJC)MIL902830
|
| 035 |
|
|
|a (OCoLC)944157875
|
| 040 |
|
|
|a MiAaPQ
|b eng
|e rda
|e pn
|c MiAaPQ
|d MiAaPQ
|
| 050 |
|
4 |
|a HV6441
|b .D356 2015
|
| 082 |
0 |
|
|a 364.10609
|2 23
|
| 100 |
1 |
|
|a Dainotto, Roberto M.
|q (Roberto Maria),
|d 1962-
|e author.
|
| 245 |
1 |
4 |
|a The Mafia :
|b a cultural history /
|c Roberto M. Dainotto.
|
| 264 |
|
1 |
|a London, England :
|b Reaktion Books,
|c 2015.
|
| 264 |
|
4 |
|c 2015
|
| 300 |
|
|
|a 1 online resource (241 pages) :
|b illustrations, photographs
|
| 336 |
|
|
|a text
|2 rdacontent
|
| 337 |
|
|
|a computer
|2 rdamedia
|
| 338 |
|
|
|a online resource
|2 rdacarrier
|
| 504 |
|
|
|a Includes bibliographical references and index.
|
| 588 |
|
|
|a Description based on online resource; title from PDF title page (ebrary, viewed April 5, 2016).
|
| 590 |
|
|
|a Electronic reproduction. Ann Arbor, MI : ProQuest, 2016. Available via World Wide Web. Access may be limited to ProQuest affiliated libraries.
|
| 650 |
|
0 |
|a Organized crime.
|
| 650 |
|
0 |
|a Mafia in motion pictures.
|
| 650 |
|
0 |
|a Mafia in literature.
|
| 655 |
|
4 |
|a Electronic books.
|
| 776 |
0 |
8 |
|i Print version:
|a Dainotto, Roberto M. (Roberto Maria) 1962-
|t Mafia : a cultural history.
|d London, England : Reaktion Books, c2015
|h 239 pages
|z 9781780234434
|
| 797 |
2 |
|
|a ProQuest (Firm)
|
| 856 |
4 |
0 |
|u https://ebookcentral.proquest.com/lib/matrademy/detail.action?docID=4438915
|z Click to View
|